| 000 | 00420nam a2200157Ia 4500 | ||
|---|---|---|---|
| 008 | 230312s9999||||xx |||||||||||||| ||und|| | ||
| 020 | _a0-13-030328-3 | ||
| 082 |
_a658.80285 _bBAY-E |
||
| 100 | _aOeborah l. Bayles | ||
| 245 | 0 | _aE-Commerce Logestic and Full filment | |
| 260 |
_bPrentice Hall _aUSA _c2001 |
||
| 300 | _a3348 | ||
| 546 | _aEng. | ||
| 650 |
_aComputer _vAcknowledgement, E-Commerce Structure |
||
| 942 | _cBK | ||
| 999 |
_c190 _d190 |
||